Make mine a bungalow (Record no. 70642)
[ view plain ]
| 000 -LEADER | |
|---|---|
| fixed length control field | 01051cam a2200229 4500 |
| 001 - CONTROL NUMBER | |
| control field | WB3824-11 |
| 008 - FIXED-LENGTH DATA ELEMENTS--GENERAL INFORMATION | |
| fixed length control field | 020702n2002 000 0 eng u |
| 035 ## - SYSTEM CONTROL NUMBER | |
| System control number | (Sirsi) u118626 |
| 245 ## - TITLE STATEMENT | |
| Title | Make mine a bungalow |
| 260 ## - PUBLICATION, DISTRIBUTION, ETC. | |
| Date of publication, distribution, etc. | 2002 |
| 490 ## - SERIES STATEMENT | |
| Series statement | Building Design |
| Volume/sequential designation | (1539) 28 June 2002, 1 |
| 490 ## - SERIES STATEMENT | |
| Series statement | CABE Press Release |
| Volume/sequential designation | 27 June 2002, (3) |
| 520 ## - SUMMARY, ETC. | |
| Summary, etc. | A MORI poll commissioned by the Commission for Architecture and the Built Environment (CABE) reveals that low-density bungalows and village houses are the public's most desirable types of housing. Only 2% of people selected a modern apartment and no-one chose a tower block, results which strike a blow to government's policy of building high-density housing. http://www.cabe.org.uk/PXnbw_qo12s=FH-iiEBtbIQ/news/press/press_release.html?press_release_id=132 |
| 590 ## - LOCAL NOTE (RLIN) | |
| Local note | WB |
| 650 ## - SUBJECT ADDED ENTRY--TOPICAL TERM | |
| Topical term or geographic name entry element | BUNGALOWS |
| 650 ## - SUBJECT ADDED ENTRY--TOPICAL TERM | |
| Topical term or geographic name entry element | HIGH DENSITY HOUSING |
| 650 ## - SUBJECT ADDED ENTRY--TOPICAL TERM | |
| Topical term or geographic name entry element | CABE |
| 650 ## - SUBJECT ADDED ENTRY--TOPICAL TERM | |
| Topical term or geographic name entry element | HOUSING TYPES |
| 650 ## - SUBJECT ADDED ENTRY--TOPICAL TERM | |
| Topical term or geographic name entry element | COMMISSION FOR ARCHITECTURE AND THE BUILT ENVIRONMENT |
| 690 ## - LOCAL SUBJECT ADDED ENTRY--TOPICAL TERM (OCLC, RLIN) | |
| Topical term or geographic name as entry element | HOUSING |
| 942 ## - ADDED ENTRY ELEMENTS (KOHA) | |
| Suppress in OPAC | 0 |
| Withdrawn status | Lost status | Source of classification or shelving scheme | Damaged status | Not for loan | Home library | Current library | Shelving location | Date acquired | Total Checkouts | Full call number | Barcode | Date last seen | Copy number | Price effective from | Koha item type |
|---|---|---|---|---|---|---|---|---|---|---|---|---|---|---|---|
| Dewey Decimal Classification | London | London | News article | 02/07/2002 | WB3824-11 | 118626-1001 | 06/08/2019 | 1 | 06/08/2019 | News article |